Number of towns affordable to first time buyers is at its highest since 2003 (Record no. 83314)
[ view plain ]
| 000 -LEADER | |
|---|---|
| fixed length control field | 01223cad a22002055a 4500 |
| 001 - CONTROL NUMBER | |
| control field | L153565 |
| 008 - FIXED-LENGTH DATA ELEMENTS--GENERAL INFORMATION | |
| fixed length control field | 110808e20110806xxk 000 0 eng d |
| 035 ## - SYSTEM CONTROL NUMBER | |
| System control number | (Sirsi) u153565 |
| 041 0# - LANGUAGE CODE | |
| Language code of text/sound track or separate title | eng |
| 110 2# - MAIN ENTRY--CORPORATE NAME | |
| Corporate name or jurisdiction name as entry element | Halifax |
| 9 (RLIN) | 5942 |
| 245 00 - TITLE STATEMENT | |
| Title | Number of towns affordable to first time buyers is at its highest since 2003 |
| Medium | [electronic resource] |
| 260 ## - PUBLICATION, DISTRIBUTION, ETC. | |
| Date of publication, distribution, etc. | 2011 |
| 490 ## - SERIES STATEMENT | |
| Series statement | Halifax Press Release |
| Volume/sequential designation | 6 August 2011 |
| 520 ## - SUMMARY, ETC. | |
| Summary, etc. | The Halifax First Time Buyer Review which tracks housing affordability in 250 local authority districts reveals that in 2011 the number of towns affordable to first time buyers is at its highest since 2003. Notes North-South divide in affordabilty with North being 10 times more affordable. London is the only region with no areas available for first time buyers on average income. The number of first time buyers remains constrained by the difficulty in obtaining mortgages. |
| 590 ## - LOCAL NOTE (RLIN) | |
| Local note | KA NTK |
| 651 #4 - SUBJECT ADDED ENTRY--GEOGRAPHIC NAME | |
| Geographic name | United Kingdom |
| Chronological subdivision | |
| 690 ## - LOCAL SUBJECT ADDED ENTRY--TOPICAL TERM (OCLC, RLIN) | |
| Topical term or geographic name as entry element | PROPERTY-RESIDENTIAL PROPERTY-RESIDENTIAL PROPERTY MARKET |
| 856 40 - ELECTRONIC LOCATION AND ACCESS | |
| Uniform Resource Identifier | <a href="https://www.lloydsbankinggroup.com/media/pdfs/halifax/2011/060811first_time_buyers_highest_since_2003.pdf">https://www.lloydsbankinggroup.com/media/pdfs/halifax/2011/060811first_time_buyers_highest_since_2003.pdf</a> |
| Public note | View this item free of charge at www.lloydsbankinggroup.com |
| 942 ## - ADDED ENTRY ELEMENTS (KOHA) | |
| Suppress in OPAC | 0 |
| Withdrawn status | Lost status | Source of classification or shelving scheme | Damaged status | Not for loan | Home library | Current library | Shelving location | Date acquired | Total Checkouts | Full call number | Barcode | Date last seen | Copy number | Price effective from | Koha item type |
|---|---|---|---|---|---|---|---|---|---|---|---|---|---|---|---|
| Dewey Decimal Classification | Virtual | Virtual | Journal article | 08/08/2011 | ONLINE PUBLICATION | 153565-2001 | 06/08/2019 | 1 | 06/08/2019 | Journal article |